000 01606cam a2200385 a 4500
090 _c0
001 14804489
005 20080125084729.0
008 070411s2007 enka b 001 0 eng
010 _a 2007014316
020 _a9780470061541 (hbk.)
020 _a9780470061558 (pbk.)
035 _a(OCoLC)ocn123079251
035 _a(OCoLC)123079251
040 _aDLC
_cDLC
_dBAKER
_dBTCTA
_dBWKUK
_dYDXCP
_dGZM
_dAGL
_dDLC
050 0 0 _aTP248.3
_b.W47 2007
070 0 _aTP248.3
_b.W47 2007
082 0 0 _a660.6
_222
_bWES
100 1 _aWesselingh, J. A.
245 1 0 _aDesign and Development :
_cJ.A Wesselingh, Sàren Kiil, Martin E. Vigild.
_bOf biological, chemical, food and pharmaceutical products /
246 1 4 _aDesign & development of biological, chemical, food and pharmaceutical products
260 _aEngland :
_bJohn Wiley,
_cc2007.
300 _axii, 297 p. :
_bill. ;
_c25 cm.
504 _aIncludes bibliographical references and index.
650 0 _aBiochemical engineering.
650 0 _aNew products.
650 0 _aDesign, Industrial.
700 1 _aKiil, Sèoren.
700 1 _aVigild, Martin E.
856 4 1 _3Table of contents only
_uhttp://www.loc.gov/catdir/toc/ecip0715/2007014316.html
856 4 2 _3Publisher description
_uhttp://www.loc.gov/catdir/enhancements/fy0739/2007014316-d.html
942 _2ddc
_cBB
999 _c10502
_d10502